World religions. (Record no. 15785)

MARC details
000 -LEADER
fixed length control field 01161cam a22003494a 4500
001 - CONTROL NUMBER
control field 16165364
003 - CONTROL NUMBER IDENTIFIER
control field mut
005 - DATE AND TIME OF LATEST TRANSACTION
control field 20240606081342.0
008 - FIXED-LENGTH DATA ELEMENTS--GENERAL INFORMATION
fixed length control field 100331r20101996enkab 000 0 eng
010 ## - LIBRARY OF CONGRESS CONTROL NUMBER
LC control number 2010292287
015 ## - NATIONAL BIBLIOGRAPHY NUMBER
National bibliography number GBA999016
Source bnb
016 7# - NATIONAL BIBLIOGRAPHIC AGENCY CONTROL NUMBER
Record control number 015390791
Source Uk
020 ## - INTERNATIONAL STANDARD BOOK NUMBER
International Standard Book Number 9780195426762 (pbk.)
020 ## - INTERNATIONAL STANDARD BOOK NUMBER
International Standard Book Number 0195426762 (pbk.)
035 ## - SYSTEM CONTROL NUMBER
System control number (OCoLC)ocn456837145
040 ## - CATALOGING SOURCE
Original cataloging agency UKM
Transcribing agency mut
Modifying agency CDX
-- DLC
042 ## - AUTHENTICATION CODE
Authentication code lccopycat
050 00 - LIBRARY OF CONGRESS CALL NUMBER
Classification number BL80.3
Item number .W66 2010
082 04 - DEWEY DECIMAL CLASSIFICATION NUMBER
Classification number 200.91811
Edition information 22
245 00 - TITLE STATEMENT
Title World religions.
Name of part/section of a work Eastern traditions /
250 ## - EDITION STATEMENT
Edition statement 3rd ed.
260 ## - PUBLICATION, DISTRIBUTION, ETC.
Place of publication, distribution, etc. Oxford :
Name of publisher, distributor, etc. Oxford University Press,
Date of publication, distribution, etc. 2010.
300 ## - PHYSICAL DESCRIPTION
Extent xviii, 405 p. :
Other physical details col. ill., col. maps ;
Dimensions 26 cm.
504 ## - BIBLIOGRAPHY, ETC. NOTE
Bibliography, etc. note Includes bibliographical references and index.
650 #0 - SUBJECT ADDED ENTRY--TOPICAL TERM
Topical term or geographic name entry element Religions.
651 #0 - SUBJECT ADDED ENTRY--GEOGRAPHIC NAME
Geographic name Orient
General subdivision Church history.
700 1# - ADDED ENTRY--PERSONAL NAME
Personal name Oxtoby, Willard Gurdon.
700 1# - ADDED ENTRY--PERSONAL NAME
Personal name Amore, Roy C.,
Dates associated with a name 1942-
906 ## - LOCAL DATA ELEMENT F, LDF (RLIN)
a 7
b cbc
c copycat
d 2
e ncip
f 20
g y-gencatlg
942 ## - ADDED ENTRY ELEMENTS (KOHA)
Source of classification or shelving scheme Library of Congress Classification
Koha item type Books
Holdings
Withdrawn status Lost status Source of classification or shelving scheme Damaged status Not for loan Home library Current library Shelving location Date acquired Source of acquisition Total checkouts Full call number Barcode Date last seen Price effective from Koha item type
    Library of Congress Classification     Murang'a University of Technology Library Murang'a University of Technology Library General stacks 22/02/2018 Donation-TFC   BL80.3 .W66 2010 019146 30/08/2024 22/02/2018 Books
    Library of Congress Classification     Murang'a University of Technology Library Murang'a University of Technology Library General stacks 10/02/2022 Donation-TFC   BL80.3 .W66 2010 029427 30/08/2024 10/02/2022 Books